| 000 | 00408pab a2200157 454500 | ||
|---|---|---|---|
| 008 | 180718b2005 xxu||||| |||| 00| 0 eng d | ||
| 100 | _aDas, S.C. | ||
| 245 | _aCorporate governance in Australian countries | ||
| 260 | _c2005 | ||
| 300 | _ap.2898-90. | ||
| 362 | _aApr | ||
| 650 | _aCorporate governance - Australia | ||
| 650 | _aCorporate governance | ||
| 773 | _aManagement Accountant | ||
| 909 | _a64764 | ||
| 999 |
_c64764 _d64764 |
||